| 000 | 00501nam a22002057a 4500 | ||
|---|---|---|---|
| 003 | LK-CoDNM | ||
| 005 | 20250117142315.0 | ||
| 008 | 250110b |||||||| |||| 00| 0 eng d | ||
| 040 |
_aLK-CoDNM _dLK-CoDNM _eLK-CoDNM |
||
| 041 | _aeng | ||
| 080 |
_a11 _bH5 |
||
| 100 | _aBUTLER,SAMEL | ||
| 245 | _aTHE TROPICAL AGRICULTURIST | ||
| 260 |
_c1897 _aCOLOMBO _bCHATTO&WINDUS |
||
| 300 | _aXIV,272P. : ill ; 25 cm | ||
| 490 | _vVOLL 16 | ||
| 650 | _aScience | ||
| 700 | _aBamber,MK | ||
| 942 | _cBK | ||
| 999 |
_c236803 _d236803 |
||